000 00655pam a2200217 a 4500
001 4520397
005 20180228071231.0
008 990112s1999 njua 001 0 eng
010 _a 99011753
020 _a0139011412 (pbk.)
040 _aDLC
_cDLC
_dDLC
041 _aeng
080 _a808.042 MAR
082 0 0 _a808.042 MAR
_221
100 1 _aCampbell, Martha E.
101 _aEDU
245 1 0 _aFocus--writing sentences and paragraphs /
_cMartha E. Campbell.
906 _a7
_bcbc
_corignew
_d1
_eocip
_f19
_gy-gencatlg
942 _2ddc
_cBK
999 _c43702
_d43702